00470 2200181 4500001002100000005001500021035002000036007000300056008004100059082000800100084001400108100002500122245004800147250000600195260005200201300002100253600001400274INLIS00000000000089620220613091010 a0010-0622000040ta220613 g 0 ind  a895 a895 AZI h0 aAzizah Pulungan, Nur1 aHaruskah Ada Walimah /cNur Azizah Pulungan a1 aJakarta Selatan :bRumah Fikih Publising,c2018 a20 hlm. ;c20 cm 4aNon Fiksi